| 000 | 00726nam a2200193Ia 4500 | ||
|---|---|---|---|
| 008 | 090123s9999 xx 000 0 und d | ||
| 082 | _b41891 | ||
| 100 | _aचेस जेम्स हॅडली | ||
| 245 | _aमर्डर फॉर डायमंडस् | ||
| 250 | _a1 | ||
| 260 |
_bनंदादीप बुक सर्व्हिसेस सोलापुर _c2007 |
||
| 300 | _a174 | ||
| 600 | _aचेस जेम्स हॅडली | ||
| 630 | _aमर्डर फॉर डायमंडस् | ||
| 700 | _aहुद्दार मधुकर | ||
| 700 | _aचेस जेम्स हॅडली | ||
| 730 | _aमर्डर फॉर डायमंडस् | ||
| 942 | _cBOOK | ||
| 999 |
_c79968 _d79968 |
||